• 首页
  • 本馆介绍
  • 公告通知
  • 最新文献
  • 馆藏检索
  • 电子资源
  • 读者导购
  • 参考咨询
  • 我的图书馆
  • 登录
  • 详细信息显示
  • 放入我的书架
  • 预约/预借图书
  • 作者相关作品
  • 分类相关作品
  • 丛书相关作品
  • 出版社相关作品

书目信息

  • 表格格式
  • 工作单格式
  • 卡片格式
题名:
经济学常识
    
 
作者:
分册:  
出版信息: 北京   中国青年出版社  1983
页数: 440页
开本: 19cm
丛书名:
单 册:
中图分类: F09
科图分类:
主题词: 经济学--基本知识 , 经济思想史
电子资源:
ISBN:
000 00693nam0 2200253 45
001 0183002890
005 20040422085618.2
010    @dCNY1.20
091    @a4009.76
100    @a19950427d1983 em y0chiy0121 ea
101 0  @achi
102    @aCN@b110000
105    @ay z 000yy
106    @ar
200 10 @a经济学常识@Ajing ji xue chang shi@e经济学说史部分@EJing Ji Xue Shuo Shi Bu Fen
210    @a北京@c中国青年出版社@d1983
215    @a440页@d19cm
517    @a经济学说史部分@AJing Ji Xue Shuo Shi Bu Fen
606    @a经济学@x基本知识
606 0  @a经济思想史
690    @aF09
801  0 @aCN@b上海图书馆@c20040422
801  2 @aCN@bNLC@c20040422
905    @f2@b93803-804@dF09@e13
    
    经济学常识:经济学说史部分.-北京:中国青年出版社,1983
    440页;19cm
    
    
    ISBN :CNY1.20
    
●
相关链接 在E读中查询图书 在五车中查询图书 在当当中查询图书 在豆瓣中查询图书


正题名:经济学常识     索取号:F09/13         预约/预借

序号 登录号 条形码 馆藏地/架位号 状态 备注
1 0093803   000194328   第一借阅区/ [索取号:F09/13] 在馆    
2 0093804   000194300   第一借阅区/ [索取号:F09/13] 在馆    
3 0093805   000194319   第一样本阅览室/ [索取号:F09/13] 在馆    
唐山师范学院图书馆 欢迎您!
大连网信软件有限公司© 版权所有